Countries of Asia by the Most Spoken Language - Statistics

General Stats
  • This quiz has been taken 69 times
  • The average score is 42 of 49
Answer Stats
Country Language % Correct
China Mandarin
98%
Japan Japanese
97%
Qatar Arabic
95%
Saudi Arabia Arabic
95%
Syria Arabic
95%
Israel Hebrew
95%
India Hindi
95%
North Korea Korean
95%
South Korea Korean
95%
Russia Russian
95%
Thailand Thai
95%
Turkey Turkish
95%
Vietnam Vietnamese
95%
Bahrain Arabic
93%
Kuwait Arabic
93%
Oman Arabic
93%
United Arab Emirates Arabic
93%
Yemen Arabic
93%
Armenia Armenian
93%
Bangladesh Bengali
93%
Cambodia Khmer
93%
Malaysia Malay
93%
Nepal Nepali
93%
Jordan Arabic
92%
Azerbaijan Azerbaijani
92%
Georgia Georgian
92%
Cyprus Greek
92%
Kazakhstan Kazakh | Russian
92%
Iran Persian
92%
Uzbekistan Uzbek
92%
Lebanon Arabic
90%
Laos Lao
90%
Singapore Malay | English | Mandarin | Tamil
90%
Philippines Tagalog | Filipino
90%
Turkmenistan Turkmen
90%
Afghanistan Pashto
88%
Taiwan Mandarin
87%
Mongolia Mongolian
87%
Myanmar Burmese
85%
Indonesia Indonesian
85%
Kyrgyzstan Kyrgyz
85%
Bhutan Dzongkha
83%
Brunei Malay
80%
Sri Lanka Sinhala | Tamil
80%
Pakistan Urdu | English
78%
Tajikistan Tajiki
63%
East Timor Tetum
30%
Maldives Dhivehi
27%
Iraq Mesopotamian Arabic
8%
No matching quizzes found
Score Distribution
Percent of People with Each Score
Percentile by Number Answered
Your Score History
You have not taken this quiz